Cieľožrút rodinná kreatívna súprava na tvorbu nástenky vízií a cieľov

Založenie a charakteristika podniku Cieľožrút. Originalita podnikateľského nápadu. Podnikateľský model Canvas. Cenová politika startupu.

Uložené v:
Podrobná bibliografia
Hlavný autor: Mišúnová Hudáková, Ivana, 1976-
Médium: Kapitola
Jazyk:Slovak
Predmet:
Tagy: Pridať tag
Žiadne tagy, Buďte prvý, kto otaguje tento záznam!

MARC

LEADER 00000naa$a2200000$$$4500
001 0271210
005 20240502074248.7
041 0 |a slo 
044 |a SK 
245 1 0 |a Cieľožrút  |b rodinná kreatívna súprava na tvorbu nástenky vízií a cieľov  |c Ivana Mišúnová Hudáková 
520 |a Založenie a charakteristika podniku Cieľožrút. Originalita podnikateľského nápadu. Podnikateľský model Canvas. Cenová politika startupu. 
610 2 0 |a kreativita 
610 2 0 |a start-up 
610 2 0 |a vzdelávanie 
610 2 0 |a deti 
100 1 |a Mišúnová Hudáková, Ivana, 1976-